00330nam a2200121Ia 4500008004100000041000800041082001600049100001200065245004500077260004400122300003100166365001100197240624s9999 xx 000 0 und d aeng a332.632 KEV aKEVIN S aSECURITY ANALYSIS AND PORTFOLIO MANAGEME c2007aNew DelhibPrentice-Hall of India axiv, : 282 : p. : cm. ; 23 cRSb36